000 nam a22 7a 4500
999 _c10858
_d10858
008 180228b ||||| |||| 00| 0 eng d
100 _96683
_aJAIN.R.K
245 _aTHE CANTERVIKLLE GHOST -XI
260 _aNEW DELHI
_bAPC PUB
_c2014